000 00358nam a2200109Ia 4500
008 171211s9999 xx 000 0 und d
245 _aTechnologies of Inclusive Well-Being
245 _cAnthony Lewis Brooks, Lakhmi C. Jain, and Sheryl Brahnam
260 _c2014
650 _xINFORMATION TECHNOLOGIES
856 _uhttp://down.ebook777.com/064/3642454313.pdf
999 _c349706
_d349706